Les marques fictives dans les aventures de Boule et Bill - Statistiques

Statistiques générales
  • Ce quiz a été pris 14 fois
  • Le résultat moyen est 4 sur 23
Statistiques - réponses
Indice 1 Indice 2 Réponse % Correct
Aliments pour chiens B*N*N* Bonono
78%
Aliments pour chiens CR*C Croc
67%
Lotion capillaire frisante FR*Z Friz
56%
Cravates T*F Tof
44%
Aliments pour chats M**** Miaou
33%
Aliments pour chiens *AOU Waou
33%
Marque de jeans H*RL*W Harlow
22%
Fromage L* V*CH* Q** M*G*T La vache qui mugit
22%
Produits pour chiens T**P**RT**T** Toupourtoutou
22%
Biscuits pour chiens *O*O*O* Bononos
11%
Marque de yaourts B*LG* Bulga
11%
Aliments pour chiens K*ST* Kosto
11%
Boutique de vêtements R*S* M*R*N* & C* Rose Marine & Co
11%
Voyagiste T**R-L**R** Tour-Lourou
11%
Aliments pour chiens *OU*Y Woufy
11%
Entreprise polluante **A** & *O Crass & Co
0%
Aliments pour chiens **O*O*I** Crocobill
0%
Marque de voiture **O*** *OY*E Drolls Noyce
0%
Boutique de fleurs **O*I*E* Floribel
0%
Fabrique de biscuits pour chiens *A**EAU-*I*O* Marteau-Pilon
0%
Appareil photo instantané R*L*DZ**ING Roladzoing
0%
Lotion solaire T*RZ-*-Z*N Tarz-O-zan
0%
Biscuits pour chiens *OU*OU Wouwou
0%
Aucun quiz correspondant
Distribution des résultats
% des personnes avec chaque résultat
Percentile par nombre de réponses
Votre historique - résultats
Vous n’avez pas pris ce quiz